00698nam a22002297a 450000500170000000800410001701000150005802000260007302000230009903500130012203700130013504000130014808200100016110000190017124500870019026000380027727000420031530000350035750000500039265000030044270000230044520110301122138.0110301t xxu||||| |||| 00| 0 eng d aENG-102061 a9780071067799c275.00 a0071067795c275.00 aEN-85594 bDBAD/PUB adplbEng00a174.41 aNandagopal, R.10aIndian ethos and values in management /cby R. Nandagopal [and] Ajith Sankar R. N. aNew DelhibTata McGraw Hillc2011 a7 West Patel NagarbNew Delhie110008 axvi,343p. :c23 cm (pbk)bill. aIncludes bibliographical references and index 01 aAjith Sankar, R.N.